NUTRITION NOW (Record no. 193867)
[ view plain ]
| 000 -LEADER | |
|---|---|
| fixed length control field | 00494nam a2200193Ia 4500 |
| 003 - CONTROL NUMBER IDENTIFIER | |
| control field | OSt |
| 005 - DATE AND TIME OF LATEST TRANSACTION | |
| control field | 20251202163902.0 |
| 020 ## - INTERNATIONAL STANDARD BOOK NUMBER | |
| International Standard Book Number | 978-1-4390-4903-7 |
| 040 ## - CATALOGING SOURCE | |
| Transcribing agency | LC |
| 050 ## - LIBRARY OF CONGRESS CALL NUMBER | |
| Classification number | QP141 .B 76 2011 |
| Item number | 4 |
| 100 ## - MAIN ENTRY--PERSONAL NAME | |
| Personal name | BROWN, JUDITH E |
| 245 #0 - TITLE STATEMENT | |
| Title | NUTRITION NOW |
| 250 ## - EDITION STATEMENT | |
| Edition statement | 6 |
| 260 ## - PUBLICATION, DISTRIBUTION, ETC. | |
| Place of publication, distribution, etc. | BELMONT, |
| Name of publisher, distributor, etc. | WADSWORTH CENGAGE LEANING, |
| Date of publication, distribution, etc. | 2011, |
| 300 ## - PHYSICAL DESCRIPTION | |
| Extent | XXXi, 1 volume (various pagings) : color illustrations ; 28 cm |
| 500 ## - GENERAL NOTE | |
| General note | INCLUDES INDEX |
| 650 ## - SUBJECT ADDED ENTRY--TOPICAL TERM | |
| Topical term or geographic name entry element | Nutrition |
| 942 ## - ADDED ENTRY ELEMENTS (KOHA) | |
| Koha item type | Long Loan Book |
| Source of classification or shelving scheme | Library of Congress Classification |
| Suppress in OPAC | No |
| Withdrawn status | Lost status | Source of classification or shelving scheme | Damaged status | Not for loan | Collection | Home library | Current library | Shelving location | Date acquired | Inventory number | Total checkouts | Full call number | Barcode | Date last seen | Date last checked out | Copy number | Price effective from | Koha item type |
|---|---|---|---|---|---|---|---|---|---|---|---|---|---|---|---|---|---|---|
| Library of Congress Classification | Medicine | Kisii University Library | Kisii University Library | On Display | 10/23/2024 | 41512 | 2 | QP141.B76 2011 | 000000011354 | 12/02/2025 | 11/20/2025 | 4 | 10/23/2024 | Long Loan Book |